000 00656nam a2200157 a 4500
008 120416s1968 ||||||||||||||||| || u
050 _aHC 51 Rea
100 _aFalkus, Malcom E
245 1 0 _aReadings in the history of economic
_cedited by Malcom E. Falkus
246 _aa study of successful and promising beginnings, of special relevance for students in underdeveloped
260 _aLondon
_bOxford University Press
_c1968
350 _a0.00
650 0 _aECONOMICS
650 0 _aECONOMIC HISTORY
995 _D0.00
_FCBU-MAIN LIBRARY (Kitwe)
_H1
_I0.00
_M1
_UAVAILABLE
_ZAnnex Low-Usage Collection
999 _c55681
_d55681